00342nam a22001457a 4500003000700000005001700007008004100024082002200065100002000087245002500107260002800132300000800160490002300168650000500191MPLRDC20220104144009.0210129b ||||| |||| 00| 0 eng d a857.27 PSL-12 c.2 a蒲松龄原著 a白话聊斋志异c ab智扬出版社c1994 b精 a古典文学名著 a